00603nam a2200205Ia 4500003000400000005001700004008004100021020001900062040000700081041000800088082001600096100002200112245004900134260002000183300000900203650002200212942001300234999001900247952013100266OSt20251205094505.0250729s2003 xx 000 0 und d a978-8171413904 cAL aeng a370.78 REDR aReddy G L9225687 aRole performance of adult education teachers aNew Delhic2003 a129p aEducation9225688 2ddccBED c237033d237033 00104070aALbALd2025-07-29eSita Book Houseg195.00l0o370.78 REDRpBED02352r2025-07-29 16:55:19v195.00w2025-07-29yBK